Law, capitalism and power in Asia : (Record no. 591611)

000 -LEADER
fixed length control field 01325cam a2200349 a 4500
001 - CONTROL NUMBER
control field 743648
005 - DATE AND TIME OF LATEST TRANSACTION
control field 20221010123855.0
008 - FIXED-LENGTH DATA ELEMENTS--GENERAL INFORMATION
fixed length control field 990318s1999 enk b 001 0 eng d
010 ## - LIBRARY OF CONGRESS CONTROL NUMBER
LC control number 99185718
020 ## - INTERNATIONAL STANDARD BOOK NUMBER
International Standard Book Number 0415197422 (hbk)
020 ## - INTERNATIONAL STANDARD BOOK NUMBER
International Standard Book Number 0415197430 (pbk)
035 ## - SYSTEM CONTROL NUMBER
System control number (CStRLIN)WALO99-B651
040 ## - CATALOGING SOURCE
Original cataloging agency TxU
Transcribing agency TxU
Modifying agency IaU-L
-- WaU-L
-- DLC
042 ## - AUTHENTICATION CODE
Authentication code lccopycat
043 ## - GEOGRAPHIC AREA CODE
Geographic area code ae-----
-- as-----
050 00 - LIBRARY OF CONGRESS CALL NUMBER
Classification number KVC514
Item number .L39 1999
082 ## - DEWEY DECIMAL CLASSIFICATION NUMBER
Classification number 340.110959
Author Mark LAW
245 00 - TITLE STATEMENT
Title Law, capitalism and power in Asia :
Remainder of title the rule of law and legal institutions /
Statement of responsibility, etc. edited by Kanishka Jayasuriya.
260 ## - PUBLICATION, DISTRIBUTION, ETC.
Place of publication, distribution, etc. London ;
-- New York :
Name of publisher, distributor, etc. Routledge,
Date of publication, distribution, etc. 1999.
300 ## - PHYSICAL DESCRIPTION
Extent xiii, 345 p. ;
Dimensions 24 cm.
440 #0 - SERIES STATEMENT/ADDED ENTRY--TITLE
Title Asian capitalisms
9 (RLIN) 99666
504 ## - BIBLIOGRAPHY, ETC. NOTE
Bibliography, etc. note Includes bibliographical references and index.
650 #0 - SUBJECT ADDED ENTRY--TOPICAL TERM
Topical term or geographic name entry element Rule of law
Geographic subdivision East Asia.
9 (RLIN) 99667
650 #0 - SUBJECT ADDED ENTRY--TOPICAL TERM
Topical term or geographic name entry element Rule of law
Geographic subdivision Southeast Asia.
9 (RLIN) 99668
650 #0 - SUBJECT ADDED ENTRY--TOPICAL TERM
Topical term or geographic name entry element Capitalism
Geographic subdivision East Asia.
9 (RLIN) 99669
650 #0 - SUBJECT ADDED ENTRY--TOPICAL TERM
Topical term or geographic name entry element Capitalism
Geographic subdivision Southeast Asia.
9 (RLIN) 99670
700 1# - ADDED ENTRY--PERSONAL NAME
Personal name Jayasuriya, Kanishka,
Dates associated with a name 1959-
9 (RLIN) 99671
856 42 - ELECTRONIC LOCATION AND ACCESS
Materials specified Publisher description
Uniform Resource Identifier <a href="http://www.loc.gov/catdir/enhancements/fy0649/99185718-d.html">http://www.loc.gov/catdir/enhancements/fy0649/99185718-d.html</a>
906 ## - LOCAL DATA ELEMENT F, LDF (RLIN)
a 7
b cbc
c copycat
d 2
e ncip
f 19
g y-gencatlg
942 ## - ADDED ENTRY ELEMENTS (KOHA)
Source of classification or shelving scheme
Koha item type Book
Holdings
Withdrawn status Lost status Source of classification or shelving scheme Damaged status Not for loan Permanent Location Current Location Shelving location Date acquired Source of acquisition Full call number Barcode Date last seen Price effective from Koha item type
          NUST Law School (NLS) NUST Law School (NLS) Chinese Studies 10/10/2022 Donated by China Embassy 340.110959 LAW CL-D-1876 10/10/2022 10/10/2022 Book
© 2023 Central Library, National University of Sciences and Technology. All Rights Reserved.